Normal view
MARC view
- Particles (Nuclear physics)
Entry Topical Term
001 - CONTROL NUMBER
- control field: 10754
003 - CONTROL NUMBER IDENTIFIER
- control field: NUST
005 - DATE AND TIME OF LATEST TRANSACTION
- control field: 20180601073503.0
008 - FIXED-LENGTH DATA ELEMENTS
- fixed length control field: 180601|| aca||aabn | a|a d
040 ## - CATALOGING SOURCE
- Original cataloging agency: NUST
- Transcribing agency: NUST
150 ## - HEADING--TOPICAL TERM
- Topical term or geographic name entry element: Particles (Nuclear physics)
670 ## - SOURCE DATA FOUND
- Source citation: Work cat.: (NUST)0: Fayyazuddin, 1930- 10753, Modern introduction to particle physics , 2012.
